Математическое моделирование термогидродинамических процессов в Каспийском море

Detalhes bibliográficos
Autor principal: Ибраев Р. А. Рашит Ахметзиевич
Corporate Authors: Российская академия наук (РАН) Институт вычислительной математики (ИВМ), Российский фонд фундаментальных исследований (РФФИ)
Resumo:Монография посвящена исследованию термогидродинамических процессов Каспийского моря с применением метода математического моделирования. Для этой цели разрабатана модель гидродинамики внутреннего моря, в которой использованы современные численные методы решения трехмерных нелинейных уравнений геофизической гидродинамики. Значительное внимание уделяется анализу и обоснованию физической постановки задачи, математической формулировке модели, выбору оптимальной схемы решения уравнений модели. С использованием данных наблюдений и модельных результатов исследуются фундаментальные процессы сезонной изменчивости циркуляции и уровня вод моря. В книге предпринята попытка ответить на следующие вопросы: Какова пространственно-временная изменчивость трехмерных течений Каспийского моря бассейнового и суб-бассейнового масштабов? Какие внешние и внутренние факторы определяют изменчивость моря? Какова роль внутренних термогидродинамических процессов в изменчивости уровня моря?
Idioma:russo
Publicado em: Москва, Геос, 2008
Assuntos:
Formato: MixedMaterials Livro
KOHA link:https://koha.lib.tpu.ru/cgi-bin/koha/opac-detail.pl?biblionumber=152707

MARC

LEADER 00000nam0a2200000 4500
001 152707
005 20231101221635.0
010 |a 9785891184183 
035 |a (RuTPU)RU\TPU\book\165566 
090 |a 152707 
100 |a 20090204d2008 k y0rusy50 ca 
101 0 |a rus 
102 |a RU 
105 |a a z 001zy 
200 1 |a Математическое моделирование термогидродинамических процессов в Каспийском море  |f Р. А. Ибраев  |g Российская академия наук (РАН), Институт вычислительной математики (ИВМ); Российский фонд фундаментальных исследований (РФФИ) 
210 |a Москва  |c Геос  |d 2008 
215 |a 128 с.  |c ил. 
320 |a Библиогр.: с. 121-125. 
330 |a Монография посвящена исследованию термогидродинамических процессов Каспийского моря с применением метода математического моделирования. Для этой цели разрабатана модель гидродинамики внутреннего моря, в которой использованы современные численные методы решения трехмерных нелинейных уравнений геофизической гидродинамики. Значительное внимание уделяется анализу и обоснованию физической постановки задачи, математической формулировке модели, выбору оптимальной схемы решения уравнений модели. С использованием данных наблюдений и модельных результатов исследуются фундаментальные процессы сезонной изменчивости циркуляции и уровня вод моря. В книге предпринята попытка ответить на следующие вопросы: Какова пространственно-временная изменчивость трехмерных течений Каспийского моря бассейнового и суб-бассейнового масштабов? Какие внешние и внутренние факторы определяют изменчивость моря? Какова роль внутренних термогидродинамических процессов в изменчивости уровня моря? 
606 1 |a Моря  |x Гидротермодинамика  |2 stltpush  |3 (RuTPU)RU\TPU\subj\70549  |9 84777 
610 1 |a Каспийское море 
610 1 |a термодинамические процессы 
610 1 |a математическое моделирование 
610 1 |a внутренние моря 
610 1 |a гидродинамика 
610 1 |a сезонная изменчивость 
610 1 |a морские воды 
610 1 |a циркуляция 
610 1 |a уровень 
610 1 |a внутригодовая изменчивость 
675 |a 551.465  |v 3 
700 1 |a Ибраев  |b Р. А.  |g Рашит Ахметзиевич 
712 0 2 |a Российская академия наук (РАН)  |b Институт вычислительной математики (ИВМ)  |c (Москва)  |2 stltpush  |3 (RuTPU)RU\TPU\col\13911 
712 0 2 |a Российский фонд фундаментальных исследований (РФФИ)  |c (Москва)  |2 stltpush  |3 (RuTPU)RU\TPU\col\112 
801 1 |a RU  |b 63413507  |c 20090204  |g PSBO 
801 2 |a RU  |b 63413507  |c 20131216  |g RCR 
900 |a Математическое моделирование в гидрогеологии 
942 |c BK 
959 |a 18/20090203  |d 1  |e 272,73  |f ЧЗТЛ:1 
959 |a 62/20100913  |d 1  |e 0  |f ЧЗТЛ:1